000 01367nac a22003491u 4500
999 _c5809
_d5809
003 EG-ScBUE
005 20210309110909.0
008 200219s2006 enk f b 001 0 eng d
020 _a0192804685 (acid-free paper)
020 _a9780192804686
035 _a(OCoLC)ocm62421102
040 _aEG-ScBUE
_beng
_erda
_cEG-ScBUE
_dEG-ScBUE
082 0 4 _a820.9
_bNEW
_222
245 0 4 _aThe new Oxford book of literary anecdotes /
_cedited by John Gross.
264 1 _aOxford :
_bOxford University Press,
_c2006.
300 _axiii, 385 pages :
_billustrations ;
_c24 cm
336 _2rdacontent
_atext
_btxt
337 _2rdamedia
_aunmediated
_bn
338 _2rdacarrier
_avolume
_bnc
500 _aDistributed : Al-Ahram.
504 _aIncludes bibliographical references and index.
650 7 _aAuthors, English
_vAnecdotes.
_2BUEsh
650 7 _aEnglish literature
_vAnecdotes.
_2BUEsh
651 _2BUEsh
653 _bHHUUEENN
655 _vReading book
_934232
700 1 _aGross, John,‏
_d1935-2011,
_eeditor.
856 4 2 _3Publisher description
_uhttp://www.loc.gov/catdir/enhancements/fy0638/2005033698-d.html
856 4 2 _3Table of contents
_uhttp://www.loc.gov/catdir/enhancements/fy0638/2005033698-t.html
856 4 2 _3Contributor biographical information
_uhttp://www.loc.gov/catdir/enhancements/fy0724/2005033698-b.html
942 _cBB
_k820.9GRO
_2ddc